[Event "IECG RN.2006.0.00001"]
[Site "IECG email"]
[Date "2006.04.15"]
[Round "?"]
[White "Werhan, Matthew"]
[Black "D'Emilia, Jack"]
[Result "0-1"]
[WhiteElo "893"]
[BlackElo "800"]
[PlyCount "106"]
[EventDate "2006.04.15"]
[EventType "tourn (corr)"]
[EventRounds "6"]
[SourceTitle "Corr 2008"]
[Source "ChessBase"]
[SourceDate "2008.06.24"]
[SourceVersion "1"]
[SourceVersionDate "2008.06.24"]
[SourceQuality "1"]

1. e4 e5 2. Nf3 Nf6 3. d4 d5 4. dxe5 Nxe4 5. Bd3 Be7 6. c3 0-0 7. Qc2 Na6 8. Nbd2 Nac5 9. Nxe4 dxe4 10. Bxe4 f5 11. exf6 Nxe4 12. fxe7 Qxe7 13. 0-0 Nc5 14. Re1 Qf6 15. Bg5 Qf5 16. Qxf5 Bxf5 17. Be7 Nd3 18. Bxf8 Nxe1 19. Rxe1 Kxf8 20. Nd4 Bd7 21. f4 Re8 22. Re5 Rxe5 23. fxe5 c5 24. Ne2 Ke7 25. Nf4 g5 26. Nd5+ Ke6 27. Nf6 h6 28. Kf2 Bc6 29. g3 Bd5 30. a3 Kxe5 31. Ng4+ Ke4 32. Nxh6 Be6 33. h4 gxh4 34. gxh4 Kd3 35. h5 Kc2 36. Kf3 Kxb2 37. Ke4 Kxc3 38. Ke5 Bc4 39. Nf5 Bg8 40. Kf6 c4 41. Kg7 Kd3 42. Kxg8 c3 43. h6 c2 44. h7 c1Q 45. h8Q Qc8+ 46. Kg7 Qxf5 47. Qb8 Qd7+ 48. Kf6 b5 49. Ke5 Qe7+ 50. Kf4 Qc5 51. Qb7 Kc3 52. Qa6 Qb6 53. Qc8+ Kb3 0-1

[Event "IECG RN.2006.0.00001"]
[Site "IECG email"]
[Date "2006.04.15"]
[Round "?"]
[White "Werhan, Matthew"]
[Black "Schoenbuchner, Gertraud"]
[Result "1-0"]
[WhiteElo "893"]
[BlackElo "838"]
[PlyCount "39"]
[EventDate "2006.04.15"]
[EventType "tourn (corr)"]
[EventRounds "6"]
[SourceTitle "Corr 2008"]
[Source "ChessBase"]
[SourceDate "2008.06.24"]
[SourceVersion "1"]
[SourceVersionDate "2008.06.24"]
[SourceQuality "1"]

1. e4 e5 2. Nf3 Nc6 3. Bb5 d6 4. d4 exd4 5. 0-0 Bd7 6. Bxc6 Bxc6 7. Nxd4 Qd7 8. Nxc6 Qxc6 9. Nc3 0-0-0 10. Qd4 Nf6 11. Qxa7 Nxe4 12. Nxe4 Qxe4 13. Be3 Qxc2 14. Rfc1 Qxb2 15. Rcb1 Qe5 16. Qxb7+ Kd7 17. Re1 Rc8 18. Rac1 Be7 19. Qc6+ Kd8 20. Bb6 1-0

[Event "IECG SN.2006.0.00001"]
[Site "IECG email"]
[Date "2006.04.15"]
[Round "?"]
[White "Werhan, Matthew"]
[Black "Schoenbuchner, Gertraud"]
[Result "1-0"]
[WhiteElo "893"]
[BlackElo "838"]
[PlyCount "31"]
[EventDate "2006.04.15"]
[EventType "tourn (corr)"]
[EventRounds "6"]
[SourceTitle "Corr 2008"]
[Source "ChessBase"]
[SourceDate "2008.06.24"]
[SourceVersion "1"]
[SourceVersionDate "2008.06.24"]
[SourceQuality "1"]

1. e4 e5 2. Nf3 Nc6 3. Bc4 d6 4. c3 Bg4 5. Qb3 Nh6 6. Qxb7 Na5 7. Bb5+ Ke7 8. Qa6 c6 9. Bxc6 Nxc6 10. Qxc6 f5 11. d4 f4 12. dxe5 Bxf3 13. Bxf4 Ke6 14. gxf3 Rc8 15. Qd5+ Ke7 16. Bg5+ 1-0

[Event "CFriend SL-2005-0-00037 email"]
[Site "Chessfriend.com"]
[Date "2005.10.13"]
[Round "1"]
[White "Wojohn, Tripp"]
[Black "Werhan, Matthew"]
[Result "1-0"]
[WhiteElo "800"]
[BlackElo "816"]
[PlyCount "67"]
[EventDate "2005.??.??"]
[EventType "tourn (corr)"]
[EventRounds "12"]
[SourceTitle "Corr 2008"]
[Source "ChessBase"]
[SourceDate "2008.06.24"]
[SourceVersion "1"]
[SourceVersionDate "2008.06.24"]
[SourceQuality "1"]

1. d4 Nf6 2. Nf3 e6 3. Bf4 d5 4. e3 c5 5. Nc3 c4 6. Be2 Bb4 7. 0-0 Bxc3 8. bxc3 Ne4 9. Qe1 0-0 10. Nd2 Nxd2 11. Qxd2 Nd7 12. e4 Nf6 13. f3 b6 14. e5 Nd7 15. a4 Re8 16. Be3 a6 17. f4 Nf8 18. g4 Bb7 19. f5 exf5 20. gxf5 Nd7 21. Bf3 f6 22. e6 Nf8 23. Qg2 Kh8 24. Qg3 Rc8 25. Bg2 Rc7 26. Bf4 Rc6 27. Rae1 Ba8 28. Re2 h6 29. Rfe1 Nh7 30. h4 Re7 31. Bf3 b5 32. Bh5 bxa4 33. Bf7 Rb6 34. Rg2 1-0

[Event "CFriend SL-2005-0-00036 email"]
[Site "Chessfriend.com"]
[Date "2005.09.16"]
[Round "1"]
[White "Schalkwijk, Peter H"]
[Black "Werhan, Matthew"]
[Result "1-0"]
[WhiteElo "1451"]
[BlackElo "816"]
[PlyCount "77"]
[EventDate "2005.09.16"]
[EventType "tourn (corr)"]
[EventRounds "6"]
[SourceTitle "Corr 2008"]
[Source "ChessBase"]
[SourceDate "2008.06.24"]
[SourceVersion "1"]
[SourceVersionDate "2008.06.24"]
[SourceQuality "1"]

1. d4 Nf6 2. Nf3 d5 3. e3 c5 4. c3 e6 5. Bd3 c4 6. Bc2 Bd7 7. Nbd2 Be7 8. e4 0-0 9. e5 Ne8 10. a4 Qa5 11. Bb1 f5 12. exf6 gxf6 13. Qe2 Rf7 14. 0-0 b5 15. Bc2 Na6 16. Qe3 bxa4 17. Re1 Rg7 18. Nf1 Bd6 19. b4 Qb6 20. Bxa4 Nac7 21. Bxd7 Rxd7 22. Qh6 a5 23. bxa5 Rxa5 24. Rxa5 Qxa5 25. Bd2 Rg7 26. Ng3 Rg6 27. Qh3 Bxg3 28. hxg3 Kh8 29. Nh4 Rg8 30. Rxe6 Nxe6 31. Qxe6 Qa2 32. Bh6 Qb1+ 33. Kh2 Qe4 34. Qd7 Qc2 35. Nf5 Qxf2 36. Qe6 Qa2 37. Nd6 Qa7 38. Nf7+ Qxf7 39. Qxf7 1-0

[Event "CFriend SL-2005-0-00035 email"]
[Site "Chessfriend.com"]
[Date "2005.08.10"]
[Round "1"]
[White "Hasidume, Shuji"]
[Black "Werhan, Matthew"]
[Result "1-0"]
[WhiteElo "1397"]
[BlackElo "816"]
[PlyCount "75"]
[EventDate "2005.??.??"]
[EventType "tourn (corr)"]
[EventRounds "12"]
[SourceTitle "Corr 2008"]
[Source "ChessBase"]
[SourceDate "2008.06.24"]
[SourceVersion "1"]
[SourceVersionDate "2008.06.24"]
[SourceQuality "1"]

1. e4 e5 2. f4 exf4 3. Nf3 g5 4. Bc4 Qe7 5. d4 Qxe4+ 6. Kf2 Qf5 7. Re1+ Be7 8. Ne5 Nh6 9. Nc3 c6 10. Qe2 0-0 11. Nxf7 Nxf7 12. Qxe7 Qxc2+ 13. Re2 Qg6 14. Bxf7+ Rxf7 15. Qe8+ Rf8 16. Qxg6+ hxg6 17. Re5 g4 18. Rg5 d5 19. Rxg6+ Kh7 20. Rg5 Kh6 21. Re5 Nd7 22. Re7 Kg6 23. Bd2 Nb6 24. Ne2 f3 25. Nf4+ Kf6 26. Bb4 Rh8 27. Rae1 a5 28. Bc5 Nc4 29. Rc7 Kg5 30. Rf7 fxg2 31. b3 Bf5 32. bxc4 Rae8 33. Rxe8 Rxe8 34. Nxg2 dxc4 35. Rxb7 c3 36. Rb3 c2 37. Rc3 Re6 38. Ba3 1-0

[Event "CFriend SL-2005-0-00035 email"]
[Site "Chessfriend.com"]
[Date "2005.08.10"]
[Round "1"]
[White "James, Michael"]
[Black "Werhan, Matthew"]
[Result "0-1"]
[WhiteElo "1475"]
[BlackElo "816"]
[PlyCount "80"]
[EventDate "2005.??.??"]
[EventType "tourn (corr)"]
[EventRounds "12"]
[SourceTitle "Corr 2008"]
[Source "ChessBase"]
[SourceDate "2008.06.24"]
[SourceVersion "1"]
[SourceVersionDate "2008.06.24"]
[SourceQuality "1"]

1. e4 e5 2. Nf3 Nc6 3. Bb5 a6 4. Ba4 b5 5. Bb3 Bc5 6. 0-0 Nf6 7. c3 Nxe4 8. Bd5 Nxf2 9. Rxf2 Bxf2+ 10. Kxf2 0-0 11. d4 exd4 12. Bg5 Qe8 13. cxd4 Bb7 14. Nc3 Qb8 15. Qd2 Nd8 16. Ne5 b4 17. Nxd7 bxc3 18. bxc3 Qc8 19. Nxf8 Bxd5 20. Be7 Nc6 21. Bc5 Qg4 22. Kg1 Re8 23. h3 Re2 24. hxg4 Rxd2 25. Re1 g5 26. Nd7 Kg7 27. Bf8+ Kg6 28. Ne5+ Nxe5 29. Rxe5 c6 30. Kf1 Rxa2 31. g3 a5 32. Be7 h6 33. Bf8 a4 34. Re1 Be6 35. Rc1 Bxg4 36. Be7 f5 37. Kg1 a3 38. Bb4 f4 39. gxf4 gxf4 40. c4 Bh3 0-1

[Event "CFriend SL-2005-0-00035 email"]
[Site "Chessfriend.com"]
[Date "2005.08.10"]
[Round "1"]
[White "Krabbenbos, Jan"]
[Black "Werhan, Matthew"]
[Result "1-0"]
[WhiteElo "1468"]
[BlackElo "816"]
[PlyCount "73"]
[EventDate "2005.??.??"]
[EventType "tourn (corr)"]
[EventRounds "12"]
[SourceTitle "Corr 2008"]
[Source "ChessBase"]
[SourceDate "2008.06.24"]
[SourceVersion "1"]
[SourceVersionDate "2008.06.24"]
[SourceQuality "1"]

1. Nc3 d5 2. e4 d4 3. Nce2 e5 4. Nf3 Qf6 5. Ng3 Be6 6. Be2 Nd7 7. d3 h6 8. 0-0 0-0-0 9. c3 g6 10. Bd2 Bc5 11. Rc1 Ne7 12. cxd4 exd4 13. Rxc5 Nxc5 14. Bb4 Nd7 15. e5 Nxe5 16. Ne4 Nxf3+ 17. Bxf3 Qg7 18. Bxe7 f5 19. Bf6 Qf8 20. Bxh8 fxe4 21. Bg4 Bxg4 22. Qxg4+ Qf5 23. Qxf5+ gxf5 24. Bg7 exd3 25. Rd1 Rd7 26. Bxh6 Re7 27. Kf1 Re2 28. Rd2 Rxd2 29. Bxd2 Kd7 30. Bf4 a5 31. Ke1 c5 32. Kd2 c4 33. Be5 b5 34. Bxd4 Ke6 35. b3 Kd5 36. bxc4+ Kxc4 37. Bb2 1-0

[Event "CFriend SL-2005-0-00035 email"]
[Site "Chessfriend.com"]
[Date "2005.08.10"]
[Round "1"]
[White "Werhan, Matthew"]
[Black "Polatel, Levent"]
[Result "1-0"]
[WhiteElo "816"]
[BlackElo "1067"]
[PlyCount "37"]
[EventDate "2005.??.??"]
[EventType "tourn (corr)"]
[EventRounds "12"]
[SourceTitle "Corr 2008"]
[Source "ChessBase"]
[SourceDate "2008.06.24"]
[SourceVersion "1"]
[SourceVersionDate "2008.06.24"]
[SourceQuality "1"]

1. e4 e6 2. d4 d5 3. Nd2 Nf6 4. e5 Nfd7 5. c3 c5 6. Bd3 Nc6 7. Ne2 cxd4 8. cxd4 Qb6 9. Nf3 f6 10. exf6 Nxf6 11. 0-0 Bd6 12. Bf4 Bxf4 13. Nxf4 Qxb2 14. Qa4 Qb4 15. Qxb4 Nxb4 16. Bb5+ Nc6 17. Rac1 Bd7 18. Bxc6 bxc6 19. Ng5 1-0

[Event "IECC Swiss-500.1"]
[Site "IECC email"]
[Date "2005.08.05"]
[Round "?"]
[White "Werhan, Matthew"]
[Black "Basson, Heinrich"]
[Result "0-1"]
[WhiteElo "1040"]
[BlackElo "1747"]
[PlyCount "100"]
[EventDate "2005.??.??"]
[EventType "swiss (corr)"]
[EventRounds "1"]
[SourceTitle "Corr 2008"]
[Source "ChessBase"]
[SourceDate "2008.06.24"]
[SourceVersion "1"]
[SourceVersionDate "2008.06.24"]
[SourceQuality "1"]

1. e4 e5 2. Nf3 Nc6 3. Bc4 Bc5 4. c3 Nf6 5. d4 exd4 6. e5 d5 7. Bb3 Ne4 8. cxd4 Bb4+ 9. Bd2 Nxd2 10. Nbxd2 0-0 11. 0-0 Bg4 12. h3 Bh5 13. g4 Bg6 14. a3 Bxd2 15. Qxd2 Be4 16. Ne1 a5 17. f3 a4 18. Ba2 Bg6 19. Ng2 Ra6 20. f4 Be4 21. f5 Nb8 22. Rac1 Re8 23. f6 gxf6 24. exf6 Kh8 25. Qf4 Rd6 26. Ne3 c6 27. Nd1 Ree6 28. Nc3 Rxf6 29. Qh2 Bd3 30. Rfe1 b5 31. Qg3 Bg6 32. b3 axb3 33. Bxb3 Qb6 34. Ne2 Rd8 35. a4 bxa4 36. Bxa4 Re6 37. Rc3 Rde8 38. Bd1 Nd7 39. Rb3 Qa5 40. Rb7 Re3 41. Qf2 R8e7 42. Rf1 Qd2 43. Nf4 Qxd4 44. Ng2 R3e4 45. Qxd4+ Rxd4 46. Nf4 Rde4 47. h4 h6 48. Kg2 Kg7 49. Rc7 Nb8 50. Rc8 Re8 0-1

[Event "IECG CP.2002.P.00110 email"]
[Site "IECG email"]
[Date "2002.10.01"]
[Round "?"]
[White "Ferrari, Cristiano"]
[Black "Werhan, Matthew"]
[Result "0-1"]
[WhiteElo "1356"]
[BlackElo "618"]
[PlyCount "86"]
[EventDate "2002.10.01"]
[EventType "tourn (corr)"]
[EventRounds "6"]
[EventCountry "TUR"]
[SourceTitle "Corr 2008"]
[Source "ChessBase"]
[SourceDate "2008.06.24"]
[SourceVersion "1"]
[SourceVersionDate "2008.06.24"]
[SourceQuality "1"]

1. d4 d5 2. c4 e6 3. Nf3 Nf6 4. e3 Be7 5. Nc3 0-0 6. cxd5 Nxd5 7. Nxd5 exd5 8. Bd3 g6 9. 0-0 c6 10. b3 Bf5 11. Bxf5 gxf5 12. Qc2 Qd7 13. Bb2 Qe6 14. Rad1 Na6 15. a3 Rae8 16. Ne5 f6 17. Nd3 Qe4 18. Rfe1 Nc7 19. f3 Qh4 20. Nc5 Bxc5 21. Qxc5 Ne6 22. Qxa7 Re7 23. Bc3 Rg7 24. Re2 Ng5 25. Kh1 b5 26. Qb6 Rg6 27. Qxc6 Rh6 28. Qxd5+ Nf7 29. h3 Rg6 30. Qxf5 Qg5 31. Qxg5 Rxg5 32. d5 Nd6 33. e4 Rg7 34. f4 Ne8 35. Bb4 Rff7 36. e5 f5 37. e6 Rf6 38. d6 Kh8 39. d7 Rg8 40. d8Q h6 41. Bc3 Kh7 42. Qe7+ Kh8 43. Rd7 h5 0-1